Tâm bệnh học trẻ em lứa tuổi mầm non
Trình bày khái quát về tâm bệnh học trẻ em. Nghiên cứu các rối loạn tâm lí của trẻ em lứa tuổi mầm non và cách phòng ngừa, chữa trị
保存先:
| 第一著者: | |
|---|---|
| フォーマット: | 図書 |
| 言語: | Vietnamese |
| 出版事項: |
H.
Đại học Sư phạm
2015
|
| 版: | In lần thứ tư |
| 主題: | |
| タグ: |
タグ追加
タグなし, このレコードへの初めてのタグを付けませんか!
|
| Thư viện lưu trữ: | Mạng thư viện Đại học Đà Nẵng |
|---|
| LEADER | 01343nam a2200361 4500 | ||
|---|---|---|---|
| 001 | 000024294 | ||
| 003 | 20780 | ||
| 005 | 20161110091156.0 | ||
| 008 | 161108s2015 viesd | ||
| 020 | |c 34000đ | ||
| 041 | 0 | |a vie | |
| 082 | 1 | 4 | |a 372.21 |b NG-M |
| 100 | 1 | |a Nguyễn Thị Như Mai | |
| 245 | 1 | 0 | |a Tâm bệnh học trẻ em lứa tuổi mầm non |c Nguyễn Thị Như Mai |
| 250 | |a In lần thứ tư | ||
| 260 | |a H. |b Đại học Sư phạm |c 2015 | ||
| 300 | |a 136 tr. |b bảng |c 24 cm. | ||
| 500 | |a Phụ lục: tr. 127-132 | ||
| 504 | |a Thư mục: tr. 133-135 | ||
| 520 | 3 | |a Trình bày khái quát về tâm bệnh học trẻ em. Nghiên cứu các rối loạn tâm lí của trẻ em lứa tuổi mầm non và cách phòng ngừa, chữa trị | |
| 650 | 0 | 4 | |a Giáo dục mầm non |x Tâm bệnh học |
| 653 | |a Tuổi mầm non | ||
| 653 | |a Trẻ em | ||
| OWN | |a LSP | ||
| AVA | |a UDN50 |b LSP |d 372.21 NG-M |e available |t Error 5001 Not defined in file expand_doc_bib_avail. |f 5 |g 0 |h N |i 0 |k 1 | ||
| 999 | |a From the UDN01 | ||
| AVA | |a UDN50 |b LSP |d 372.21 NG-M |e available |t Error 5001 Not defined in file expand_doc_bib_avail. |f 5 |g 0 |h N |i 0 |k 1 | ||
| TYP | |a Monograph | ||
| TYP | |a Printed language | ||
| 980 | |a Mạng thư viện Đại học Đà Nẵng | ||